000 01276cam a2200337 a 4500
001 12186078
003 OSt
005 20140310190026.0
008 000926s2001 maua b 000 0 eng
010 _a 00049725
020 _a043958714X
040 _aDLC
_cDLC
_dDLC
042 _alcac
050 0 0 _aQA 445.5
_b.Em53 2004
100 1 _aEmberley, Ed.
_924234
245 1 4 _aThe wing on a flea :
_ba book about shapes /
_cEd Emberley.
250 _a1st ed.
260 _aBoston :
_bLittle, Brown,
_c2001.
300 _bcol. ill. ;
_c20 x 26 cm.
520 _aSimple rhyming text and illustrations guide the reader to see triangles, rectangles, and circles in everyday things.
521 _aG2
526 _c420
650 0 _aGeometry
_vJuvenile literature.
_924235
650 1 _aShape.
_924236
650 1 _aGeometry.
_915765
856 4 2 _3Publisher description
_uhttp://www.loc.gov/catdir/enhancements/fy0914/00049725-d.html
906 _a7
_bcbc
_corignew
_d1
_eocip
_f20
_gy-gencatlg
942 _2lcc
_cBK
999 _c33762
_d33762